000 01115nam a2200313 i 4500
001 000021580
003 DO-SdBNP
005 20241031142215.0
007 ta
008 100909s1979 dr 000 0 spa d
040 _aDO-SdBNP
_bspa
_cBNPHU
_erda
082 _axxxx
_bD337p
_222
100 1 _aDeláncer, Juan
_944928
_eautor
245 1 0 _aPrimavera 1959 :
_bConstanza, Maimón, Estero Hondo /
_cJuan Deláncer ; presentación José Espaillat.
264 _aSanto Domingo :
_beditora no identificada,
_c1979.
300 _a139 páginas :
_bretratos. ;
_c22 cm.
336 _ardacontent
_btexto
_2txt
337 _ardamedia
_bsin mediación
_2n
338 _ardacarrier
_bvolumen
_2nc
500 _aIncluye datos biográficos del autor en la solapa de la contracubierta
500 _aIncluye notas al pie de las pááginas
500 _aIncluye índice de materias
504 _aIncluye bibliografías (p. 141)
590 _aPerteneció a la biblioteca personal de Juan Isidro Jimenes Grullón
590 _aInventariado, 2024/DG
700 1 _aEspaillat, José
_944951
910 _aDG
942 _2ddc
_cLBS1
999 _c21079
_d21079